000 00537nam a2200217Ia 4500
005 20250425161738.0
008 250425s9999 xx 000 0 und d
020 _a0070296014
041 _aspa
082 _a620.78
100 _aHOLMAN, JACK PHILLIP
245 0 _aEXPERIMENTAL METHODS FOR ENGINEERS
250 _a1A ED.
260 _aJapón
_bMC GRAW HILL
_c1978
260 _aTOKYO
300 _a493
650 _aINGENIERIA-INSTRUMENTOS
650 _aINGENIERIA-MANUAL DE LABORATORIOS
942 _c01
010 _a27280
999 _c215250
_d215250